Famous People with Italian Names - Statistics

General Stats
  • This quiz has been taken 43 times
  • The average score is 10 of 15
Answer Stats
Hint Answer % Correct
Venetian explorer who traveled the Silk Road to China {Marco} Polo
97%
Actor who gained global fame after starring in "Titanic" {Leonardo} DiCaprio
95%
American tennis player, winner of 23 Grand Slam singles titles {Serena} Williams
89%
Influential Italian poet of the Middle Ages, author of the "Divine Comedy" {Dante} Alighieri
84%
Racing car driver and founder of a car company bearing his last name {Enzo} Ferrari
73%
One of the Three Tenors {Luciano} Pavarotti
73%
Son of David and Victoria Beckham; also the name of a Shakespeare character {Romeo} Beckham
70%
Italian fashion designer murdered in 1997 {Gianni} Versace
68%
Controversial three-time Prime Minister of Italy {Silvio} Berlusconi
65%
The above's younger sister, who took over his fashion brand after his death {Donatella} Versace
62%
First female Prime Minister of Italy, elected in 2022 {Giorgia} Meloni
54%
American actor who played Phoebe's half-brother Frank on "Friends" {Giovanni} Ribisi
51%
Nicaraguan former wife of Mick Jagger {Bianca} Jagger
41%
British actor who was Bond Girl Strawberry Fields in "Quantum of Solace" {Gemma} Arterton
41%
Brazilian model who represented Victoria's Secret PINK line {Alessandra} Ambrósio
16%
No matching quizzes found
Score Distribution
Percent of People with Each Score
Percentile by Number Answered
Your Score History
You have not taken this quiz